banner-ar

اللغة والمجتمع / (Record no. 66337)

MARC details
000 -الفاتح
حقل البيانات ثابتة الطول 00683nam a22002057a 4500
005 - وقت وتاريخ اخر تعامل مع التسجيلة
رقم الضبط 20240530110912.0
008 - عناصر البيانات ثابتة الطول - معلومات عامة
حقل البيانات ثابتة الطول 220209s ua a b 000 0 ara d
017 ## - رقم الايداع القانونى
المصدر ( الهيئة المختصة) مصر. دار الكتب
040 ## - مصدر الفهرسة
وكالة الفهرسة الأصلية EG-CaGPL
وكالة النسخ EG-CaGPL
082 04 - رقم تصنيف ديوى العشرى
رقم الطبعة 21
رقم التصنيف 401/
رقم المادة ع ل
100 0# - المدخل الرئيسى - إسم شخصى
الإسم الشخصى على عبدالوحد وافى
245 10 - بيان العنوان
العنوان اللغة والمجتمع /
بيان المسئوليه,etc على عبدالوحد وافى
250 ## - بيان الطبعة
بيان الطبعة ط.1
260 ## - PUBLICATION, DISTRIBUTION, ETC. (IMPRINT)
تاريخ النشر أو التوزيع د.ت
300 ## - الوصف المادى
التعداد 239ص؛
أبعاد الوعاء 22 سم
650 07 - المدخل الاضافى بالموضوع-مصطلح موضوعى
مصدر الرأس أو المصطلح qrmak
مصطلح موضوعي علم اللغة
650 07 - المدخل الاضافى بالموضوع-مصطلح موضوعى
مصدر الرأس أو المصطلح qrmak
مصطلح موضوعي صراع اللغات
942 ## - عناصر المدخل الإضافي( كوها)
مصدر التصنيف او مخطط الترفيف Dewey Decimal Classification
Koha [default] item type كتاب
260 ## - PUBLICATION, DISTRIBUTION, ETC. (IMPRINT)
-- القاهرة :
-- دار نهضة مصر للطبع والنشر ،
Holdings
حالة التراجع حالة الفقد حالة تلف ليس للاعارة المكان المؤقت الموقع الحالى موقع الترفيف تاريخ الاكتساب اجمالي اﻻعارات رقم الطلب الباركود تاريخ اخر مشاهدة تاريخ تفعيل السعر نوع وعاء كوها
        مكتبة القاهرة الكبرى مكتبة القاهرة الكبرى   03/24/2022   401/ ع ل 167696 03/24/2022 03/24/2022 كتاب
        مكتبة القاهرة الكبرى مكتبة القاهرة الكبرى   03/24/2022   401/ ع ل 167697 03/24/2022 03/24/2022 كتاب

Powered By

EGPV